|
|
|
|
| LEADER |
01777nam a2200433 a 4500 |
| 001 |
000705613 |
| 003 |
CZ BrMZK |
| 005 |
20251020153000.0 |
| 007 |
ta |
| 008 |
040206s2004 xr ac e c 000 0dcze d |
| 015 |
|
|
|a cnb001298944
|
| 020 |
|
|
|a 80-85608-73-1
|q (brož.)
|
| 035 |
|
|
|a (OCoLC)56855507
|
| 040 |
|
|
|a BOA001
|b cze
|
| 043 |
|
|
|a e-xr---
|
| 072 |
|
7 |
|a 72/76
|x Výtvarné umění
|2 Konspekt
|9 21
|
| 080 |
|
|
|a (083.824)
|2 MRF
|
| 080 |
|
|
|a 72/76(437.3)
|2 MRF
|
| 080 |
|
|
|a 7.036/.038
|2 MRF
|
| 080 |
|
|
|a 72/76.041.5
|2 MRF
|
| 080 |
|
|
|a (437.3)
|2 MRF
|
| 100 |
1 |
|
|a Orlik, Emil,
|d 1870-1932
|7 jn19990006276
|4 art
|
| 245 |
1 |
0 |
|a Podobizny přátel a současníků :
|b [výstava Židovského muzea v Praze, Galerie Roberta Guttmanna, 4. února - 11. dubna 2004 /
|c text a příprava katalogu Arno Pařík]
|
| 246 |
3 |
3 |
|a Emil Orlik
|
| 260 |
|
|
|a V Praze :
|b Židovské muzeum,
|c c2004
|
| 300 |
|
|
|a 96 s. :
|b il. (některé barev.), portréty ;
|c 21 x 22 cm
|
| 500 |
|
|
|a Obálkový název a název v tiráži: Emil Orlik
|
| 504 |
|
|
|a Obsahuje bibliografii
|
| 600 |
1 |
7 |
|a Orlik, Emil,
|d 1870-1932
|7 jn19990006276
|2 czenas
|
| 650 |
0 |
7 |
|a moderní umění
|7 ph115340
|z Česko
|2 czenas
|
| 650 |
0 |
7 |
|a portréty
|7 ph124374
|2 czenas
|
| 650 |
0 |
7 |
|a české výtvarné umění
|7 ph116865
|y 19.-20. stol.
|2 czenas
|
| 655 |
|
7 |
|a katalogy výstav
|7 fd132536
|2 czenas
|
| 700 |
1 |
|
|a Pařík, Arno,
|d 1948-
|7 jo20000074497
|4 aut
|
| 710 |
2 |
|
|a Galerie Roberta Guttmanna (Praha, Česko)
|7 mzk2004221594
|
| 856 |
4 |
1 |
|u http://www.digitalniknihovna.cz/mzk/uuid/uuid:db5fc020-527a-11e3-ac69-005056827e51
|y Digitalizovaný dokument
|x NDK
|
| 910 |
|
|
|a BOA001
|b 2-1129.896
|b KPB-0001.202
|
| 990 |
|
|
|a BK
|
| 996 |
6 |
|
|b 2610212402
|c 2-1129.896
|l MZK
|r Sklad / do 1 hodiny
|n 5
|p p.v.
|w 000705613
|u 000010
|a 1
|e BOA001
|j MZK50
|s P
|